Information to media personnel for national assembly election 2008 / (Record no. 1250)

MARC details
000 -LEADER
fixed length control field 00442nam a2200133 4500
001 - CONTROL NUMBER
control field 1666
005 - DATE AND TIME OF LATEST TRANSACTION
control field 20181127163746.0
090 00 - LOCALLY ASSIGNED LC-TYPE CALL NUMBER (OCLC); LOCAL CALL NUMBER (RLIN)
Classification number (OCLC) (R) ; Classification number, CALL (RLIN) (NR) 342.07 M4891i 2008
110 ## - MAIN ENTRY--CORPORATE NAME
Corporate name or jurisdiction name as entry element Election Commission of Bhutan.
Subordinate unit
Location of meeting
Date of meeting or treaty signing
Relator term
Number of part/section/meeting
Name of part/section of a work
245 00 - TITLE STATEMENT
Title Information to media personnel for national assembly election 2008 /
Remainder of title
Statement of responsibility, etc. Election Commission of Bhutan.
Medium
260 00 - PUBLICATION, DISTRIBUTION, ETC.
Place of publication, distribution, etc. Thimphu :
Name of publisher, distributor, etc. Election Commission of Bhutan,
Date of publication, distribution, etc. 2008.
300 00 - PHYSICAL DESCRIPTION
Extent 40 p.
650 00 - SUBJECT ADDED ENTRY--TOPICAL TERM
Topical term or geographic name entry element Election law --Bhutan.
General subdivision
Holdings
Withdrawn status Lost status Source of classification or shelving scheme Damaged status Not for loan Collection code Home library Current library Shelving location Serial Enumeration / chronology Inventory number Total Checkouts Full call number Barcode Date last seen Date last checked out Price effective from Koha item type
    Dewey Decimal Classification     Periodicals RTC Library RTC Library Periodicals 4532 1 Periodicals Serials 30003977 06/09/2019 30/08/2019 27/11/2018 Periodicals
Royal Thimphu College || All Right Reserved